| 000 | 00577nam a22001817a 4500 | ||
|---|---|---|---|
| 005 | 20251108172508.0 | ||
| 008 | 250721s1999 xx 000 0 ara d | ||
| 082 | 1 | 4 | _a797.21/حلم |
| 100 | 1 | _aحلمي، عصام | |
| 245 | 1 | 0 | _aالإدارة الفنية لحمامات و بطولات و مدارس تعليم السباحة / |
| 264 | 1 |
_aالإسكندرية : _bمنشأة المعارف، _c1999. |
|
| 300 | _a81ص. | ||
| 650 | 1 | 7 | _aالسباحة |
| 650 | 1 | 7 | _aبرك السباحة |
| 700 | 1 | _aعمر، محمد صبري | |
| 942 |
_2ddc _cBK |
||
| 999 |
_c80828 _d80828 |
||